Vector analysis : (Record no. 1418)

MARC details
000 -LEADER
fixed length control field 00581nam a2200205 4500
003 - CONTROL NUMBER IDENTIFIER
control field OSt
005 - DATE AND TIME OF LATEST TRANSACTION
control field 20150413183442.0
008 - FIXED-LENGTH DATA ELEMENTS--GENERAL INFORMATION
fixed length control field 150413b xxu||||| |||| 00| 0 eng d
020 ## - INTERNATIONAL STANDARD BOOK NUMBER
International Standard Book Number 0070990093
040 ## - CATALOGING SOURCE
Transcribing agency 040a
082 ## - DEWEY DECIMAL CLASSIFICATION NUMBER
Classification number 515
Item number SPI 1974
100 ## - MAIN ENTRY--PERSONAL NAME
Personal name Spiegel, Murray R
9 (RLIN) 3744
245 ## - TITLE STATEMENT
Title Vector analysis :
Remainder of title and an introduction to tensor analysis /
Statement of responsibility, etc. Murray R Spiegel
260 ## - PUBLICATION, DISTRIBUTION, ETC. (IMPRINT)
Place of publication, distribution, etc. New York
Name of publisher, distributor, etc. McGraw-Hill
Date of publication, distribution, etc. 1974
300 ## - PHYSICAL DESCRIPTION
Extent iii, 225p ;
Other physical details ill :
Dimensions 12cm.
440 ## - SERIES STATEMENT/ADDED ENTRY--TITLE
Title Schaum's outline series
9 (RLIN) 721
504 ## - BIBLIOGRAPHY, ETC. NOTE
Bibliography, etc includes index
650 ## - SUBJECT ADDED ENTRY--TOPICAL TERM
Topical term or geographic name as entry element Vectors
9 (RLIN) 754
942 ## - ADDED ENTRY ELEMENTS (KOHA)
Source of classification or shelving scheme Dewey Decimal Classification
Koha item type Short Loan
Holdings
Withdrawn status Lost status Source of classification or shelving scheme Damaged status Not for loan Home library Current library Date acquired Inventory number Total Checkouts Full call number Barcode Date last seen Price effective from Koha item type
    Dewey Decimal Classification     MUST Main Library MUST Main Library 13/04/2015 2001/15771   515 SPI 1974 2015-0918 13/04/2015 13/04/2015 Short Loan